Nowý zpĕw o zatwrzelosti lidské. Gak Krystus Pán wolá, libezným [et.]

Podrobná bibliografia
Korporatívny autor: [Bez tlačiara] (Skalica, Slovensko) (Tlačiar)
Médium: Kniha
Jazyk:slovenčina
Fyzický popis:7 strán 12 cm
Vydavateľské údaje: W Skalicy [bez tlačiara] 1845
Predmet:

MARC

LEADER 00000nam a2200000 a 4500
001 vtls001522534
003 SK-MaSNL
005 20260302073926.0
008 200612s1845 xo a f 000 0 slo
015 |a SNBHFA1845 
035 |a urn:nbn:sk:snk-am00dev7 
035 |a urn:nbn:sk:snk-am3hzuq 
035 |a CCE8EA59-39D3-4872-8A47-51141ADEF562 
040 |a SNK  |b slo  |c SNK  |e AACR2 
041 0 |a slo 
044 |a xo  |c SK 
072 7 |a 783  |x Cirkevná hudba. Duchovná hudba. Náboženská hudba  |2 konspekt 
080 |a 783.6  |2 2011 
130 0 |a Nowý  |9 287856 
245 1 |a Nowý zpĕw o zatwrzelosti lidské.  |b Gak Krystus Pán wolá, libezným [et.] 
260 |a W Skalicy  |b [bez tlačiara]  |c 1845 
300 |a 7 strán  |c 12 cm 
500 |a Ilustrácia na titulnom liste, ozdobná linka 
650 0 7 |a duchovné piesne  |2 SNKPH  |9 1928 
710 0 |a [Bez tlačiara] (Skalica, Slovensko)  |4 prt  |9 305607 
752 |a Slovensko  |d Skalica 
852 |a snk  |p SE 499/1 
958 |a ONDV 
999 |c 1162906  |d 1164836 
952 |a SNK  |b SNK  |y PREZ  |7 0  |p 17A0459893  |o snkSE 499/1  |i snk242/34  |3 rekatalogizácia  |0 0  |1 0  |4 0  |d 2005-04-06  |f 1  |l 0  |r 2026-02-24 20:39:08  |w 2026-02-24